00818nam a2200277 a 45000010008000000030004000080050017000120080041000290100017000700200015000870200015001020400013001170500019001300820023001491000022001722450050001942500019002442600050002633000035003135040064003486500022004126500025004346500027004597000022004867100032005081117449OSt20201027160839.0930922s1992 sz a b i001 0 eng  a 93209805  a9221071081 a8185027277 aDLCcDLC00aT60b.I57 199200a658.542220bKAN/I aKanawaty, George 00aIntroduction to work study /cGeorge Kanawaty a4th (rev.) ed. aGeneva :bInternational Labour Office,c1992. axvii, 524 p. :bill. ;c28 cm. aIncludes bibliographical references (p. 503-505) and index. 0aWork measurement. 0aMethods engineering. 0aProduction management. aKanawaty, George 2 aInternational Labour Office